00921nam a2200253Ia 4500003000900000008004100009020002200050040001600072080001600088100002700104245013800131260003800269300001500307490004100322650002500363650002700388650002700415650001900442700002800461700003300489942000700522999001700529952012100546IN-BaIIA211028s9999 xx 000 0 eng d a978-0-471-85933-8 cIIA Library a681.31bSEB aSeborg, Dale E.917308 0aProcess dynamics and controlcDale E. Seborg, Thomas F. Edgar and Duncan A. Mellichamp  aNew YorkbJohn Wiley & Sonsc1989 axvi, 717p. aWiley series in chemical engineering aControl theory95165 aDynamic control917309 aFeedback control93308 aNASA Thesaurus aEdgar, Thomas F.917310 aMellichamp, Duncan A.917311 cBK c10199d10199 00104070aBANbBANcGENd1991-07-04g299.70l0o681.31/ SEBp11109r2021-11-05v299.70w1991-07-04yBKGRs. 299.70